The semiconductor competition and National security
Gardado en:
| Autor Principal: | |
|---|---|
| Formato: | Libro |
| Idioma: | Undetermined |
| Publicado: |
Stanford
International Strategic Institute at Stanford
1987
|
| Những chủ đề: | |
| Các nhãn: |
Engadir etiqueta
Sen Etiquetas, Sexa o primeiro en etiquetar este rexistro!
|
| Thư viện lưu trữ: | Trung tâm Học liệu Trường Đại học Cần Thơ |
|---|
| LEADER | 00553nam a2200181Ia 4500 | ||
|---|---|---|---|
| 001 | CTU_98785 | ||
| 008 | 210402s9999 xx 000 0 und d | ||
| 082 | |a 338 | ||
| 082 | |b O.41 | ||
| 100 | |a Okimoto. Danial I. | ||
| 245 | 4 | |a The semiconductor competition and National security | |
| 245 | 0 | |c Danial I. Okimoto | |
| 260 | |a Stanford | ||
| 260 | |b International Strategic Institute at Stanford | ||
| 260 | |c 1987 | ||
| 650 | |a National security,Semiconductor industry | ||
| 904 | |i Tuyến | ||
| 980 | |a Trung tâm Học liệu Trường Đại học Cần Thơ | ||